00366pab a2200121 454500008004000000100002500040245009500065260000900160300001400169362001100183650002000194773003000214180718b2003 xxu||||| |||| 00| 0 eng d aWisensale, Steven K. aTwo steps forward, one step back: the family and medical leave act as retgrenchment policy c2003 ap.135-51. aSpring aHealth services aReview of Policy Research